Statistics for Most Common Food and Drink Words

Click here to take the quiz!

General Stats

  • This quiz has been taken 20,030 times
    (19,879 since last reset)
  • The average score is 26 of 55

Answer Stats

rankword% Correct
231water
85%
2726apple
81%
2144bread
81%
1548chicken
78%
2039milk
77%
3547beef
71%
3331orange
70%
2273potato
69%
1537salt
66%
1826pepper
65%
4315pork
65%
1822meat
64%
2355tomato
64%
1898beer
63%
1451wine
63%
4739banana
62%
2072cheese
62%
962fish
59%
2774rice
58%
2365butter
56%
1392egg
56%
4403pasta
55%
2290juice
54%
1559sugar
50%
1373coffee
49%
4808grape
48%
2162tea
48%
4587carrot
47%
1897vegetable
46%
2489onion
45%
2551cake
44%
1663fruit
44%
2336bean
42%
2494corn
42%
3128lemon
42%
3955pizza
42%
2644chocolate
40%
2740salad
39%
4664steak
38%
1982cream
36%
3361flour
35%
3743turkey
34%
2857garlic
33%
2214sauce
33%
3024soup
32%
3269cookie
27%
3581sandwich
25%
3244nut
23%
4660peanut
20%
3436salmon
19%
3569duck
15%
4169shrimp
15%
2939honey
14%
3586herb
11%
4387rabbit
7%

Score Distribution

Percentile by Number Answered

Percent of People with Each Score

Your Score History

You have not taken this quiz since the last reset